• 首页
  • 本馆介绍
  • 公告通知
  • 最新文献
  • 馆藏检索
  • 电子资源
  • 读者导购
  • 参考咨询
  • 我的图书馆
  • 登录
  • 详细信息显示
  • 放入我的书架
  • 预约/预借图书
  • 作者相关作品
  • 分类相关作品
  • 丛书相关作品
  • 出版社相关作品

书目信息

  • 表格格式
  • 工作单格式
  • 卡片格式
题名:
非线性光学
    
 
作者: 李淳飞 著
分册:  
出版信息: 哈尔滨   哈尔滨工业大学出版社  2005
页数: 229页
开本: 23cm
丛书名:
单 册:
中图分类: O437
科图分类:
主题词: 非线性光学
电子资源:
ISBN: 7-5603-2142-9
000 00699nam0 2200217 450
001 003004875
005 20061118170540.81
010    @a7-5603-2142-9@dCNY20.00
100    @a20050119d2005 em y0chiy0110 ea
101 0  @achi
102    @aCN@b230000
105    @ay z 000yy
200 1  @a非线性光学@9fei xian xing guang xue@f李淳飞著
210    @a哈尔滨@c哈尔滨工业大学出版社@d2005
215    @a229页@d23cm
330    @a本书讲述了非线性光学的基本原理和概念,主要内容包括二阶和三阶的各种非线性光学现象,并介绍了在激发态非线性光学、光学双稳性等内容。
606 0  @a非线性光学
690    @aO437@v4
701  0 @a李淳飞@9li chun fei@c(物理)@4著
801  0 @aCN@bNLC@c20061118
905    @a10447@dO437@e36
    
    非线性光学/李淳飞著.-哈尔滨:哈尔滨工业大学出版社,2005
    229页;23cm
    
    
    ISBN 7-5603-2142-9:CNY20.00
    本书讲述了非线性光学的基本原理和概念,主要内容包括二阶和三阶的各种非线性光学现象,并介绍了在激发态非线性光学、光学双稳性等内容。
●
相关链接 在E读中查询图书 在五车中查询图书 在当当中查询图书 在豆瓣中查询图书


正题名:非线性光学     索取号:O437/36         预约/预借

序号 登录号 条形码 馆藏地/架位号 状态 备注
1 0391991   203919910   第二样本阅览室/ [索取号:O437/36] 在馆    
2 0391992   203919929   第三借阅区/ [索取号:O437/36] 在馆    
3 0391993   203919938   第三借阅区/ [索取号:O437/36] 在馆    
4 0391994   203919947   第三借阅区/ [索取号:O437/36] 在馆    
5 0391995   203919956   第三借阅区/ [索取号:O437/36] 在馆    
唐山师范学院图书馆 欢迎您!
大连网信软件有限公司© 版权所有